00859nam a22002537a 450000500170000001000130001702000100003003500130004003700160005304000120006908200160008110000230009724500600012026000570018027000420023730000250027950000210030465000330032565000290035870000210038794200250040899900190043395201530045220170124110156.0 aA-357420 c00.00 aA-357420 bCen Lib/Ret aDPLbEN a658.15bKHA aKhan, M. Y.914186 aManagement accounting /cby M. Y. Khan [and] P. K. Jain aNew DelhibTata McGraw-Hill Publishing Companyc1988 a4/12 Asaf Ali RoadbNew Delhie110002 aix, 927p. c21cm(Hb) aIncludes index  aManagerial accounting992269 aCapital budgeting935161 aJain, P K925051 2ddccENh658.15mKHA c132578d132578 04104070aLbLd2015-07-23eCen Lib/Retg0.00l0o658.15 KHApA-357420r2015-07-23 00:00:00t1v0.00w2015-07-23yENzW/d List 8139/6; dtd 22/2/17